00497 2200193 4500001002100000005001500021035002000036008004100056245006300097100001900160250000600179260004700185300001100232084001400243082000800257650001400265990001200279990001200291INLIS00000000000033020240503082538 a0010-0424000306240503 0 ind 1 aMembentuk Generasi Cerdas Dan Berkarakter /cWahjudi Djaja aDjaja, Wahjudi a1 aKalimantan :bMaraga Borneo Tarigas,c2017 a60 hlm a300 WAH m a300 4aNon Fiksi a0728738 a0728739